000 00287nam a2200121Ia 4500
008 190216s9999||||xx |||||||||||||| ||und||
100 _aDr.Gopal Krishna Gogle
245 0 _aHindi-Loknayak Lokmanya
260 _bSuruchi Sahithya
_c2008
300 _a239
650 _aHindi
942 _cBK
999 _c16878
_d16878